[Event "AUTO-BEG-673"]
[Site "http://www.queenalice.com/game.php?id=1627977"]
[Date "2020.9.24"]
[Round "1"]
[White "teodoriconeto"]
[Black "playagain"]
[Result "1-0"]
[WhiteElo "1537"]
[BlackElo "1422"]

1. e4 c5 2. Nf3 g6 3. d4 cxd4 4. Nxd4 Bg7 5. Bc4 e5 6. Nf3 Qe7 7. Bg5 Nf6 8. O-O
Qc5 9. Bd3 O-O 10. Nc3 d6 11. Qd2 Be6 12. Bh6 Ng4 13. Bxg7 Kxg7 14. h3 Nf6 15.
Rfd1 Nc6 16. Bb5 Nd4 17. Nxd4 Bc4 18. Bxc4 Qxc4 19. Ndb5 Nxe4 20. Qd5 Qb4 21.
Nxe4 h6 22. b3 Qa5 23. Nexd6 Qd8 24. Qxe5+ f6 25. Qg3 a6 26. Nf5+ Kh7 27. Rxd8
Raxd8 28. Qc7+ 1-0

[Event "AUTO-BEG-673"]
[Site "http://www.queenalice.com/game.php?id=1627978"]
[Date "2020.9.24"]
[Round "1"]
[White "playagain"]
[Black "teodoriconeto"]
[Result "0-1"]
[WhiteElo "1411"]
[BlackElo "1548"]

1. c4 d5 2. cxd5 c6 3. e4 cxd5 4. exd5 Nf6 5. Nc3 Nxd5 6. d4 Bf5 7. Nf3 e6 8.
Nxd5 Qxd5 9. g3 Be4 10. Bg2 Nc6 11. O-O Bb4 12. a3 Ba5 13. b4 Bb6 14. Bb2 O-O-O
15. b5 Qxb5 16. Re1 Bd5 17. Qd2 Kb8 18. Qe3 Qxb2 19. Reb1 Qc2 20. Rc1 Qe4 21.
Qc3 Qe2 22. Re1 Qc4 23. Qb2 Nxd4 24. Rac1 Qa4 25. Qb4 Qxb4 26. Re3 Nxf3+ 27.
Bxf3 Qb2 28. Rd1 Bxe3 0-1

[Event "AUTO-BEG-673"]
[Site "http://www.queenalice.com/game.php?id=1627979"]
[Date "2020.9.24"]
[Round "1"]
[White "teodoriconeto"]
[Black "oldmoreton"]
[Result "1-0"]
[WhiteElo "1525"]
[BlackElo "1131"]

1. e4 e5 2. Nf3 d6 3. d4 f6 4. dxe5 dxe5 5. Qxd8+ Kxd8 6. Nc3 Ne7 7. Be3 Nbc6 8.
O-O-O+ Ke8 9. Bc4 Na5 10. Be2 Kf7 11. Rd8 b6 12. b4 Nac6 13. Bc4+ Kg6 14. Re8
Bb7 15. Rxa8 Bxa8 16. a3 Nd4 17. Nxd4 exd4 18. Bxd4 f5 19. f3 h5 20. h4 Kh7 21.
Re1 f4 22. Bf2 g6 23. Ne2 Bg7 24. Nxf4 Rd8 25. Bd3 Bh6 26. g3 Rf8 27. Be3 Rd8
28. Ne6 Rc8 29. Ng5+ Bxg5 30. Bxg5 Nc6 31. e5 Nd4 32. f4 Nf3 33. Re3 Nxg5 34.
hxg5 Kg7 35. f5 Bd5 36. f6+ Kf8 37. e6 Re8 38. e7+ Kf7 39. Kd2 c5 40. bxc5 bxc5
41. Re4 Bc6 42. Bc4+ 1-0

[Event "AUTO-BEG-673"]
[Site "http://www.queenalice.com/game.php?id=1627980"]
[Date "2020.9.24"]
[Round "1"]
[White "oldmoreton"]
[Black "teodoriconeto"]
[Result "1-0"]
[WhiteElo "1101"]
[BlackElo "1555"]

1. d4 d5 2. e3 c5 3. c3 cxd4 4. cxd4 Nf6 5. Nf3 Bg4 6. Be2 e6 7. O-O Bd6 8. h3
Bh5 9. Qa4+ Nbd7 10. Nc3 O-O 11. Nb5 Nb6 12. Qb3 Bb8 13. Bd2 a6 14. Nc3 Bd6 15.
g4 Bg6 16. Rac1 Rc8 17. Ne5 Ne4 18. Nxe4 Bxe4 19. Rxc8 Nxc8 20. Qxb7 Qb6 21.
Qxb6 Nxb6 22. Bxa6 Ra8 23. f3 Rxa6 24. fxe4 Bxe5 25. dxe5 dxe4 26. a3 Nc4 27.
Rd1 h6 28. Bc3 Ra7 29. Rd4 Nxe3 30. Rd8+ Kh7 31. Bd4 Ra6 32. Bxe3 Rc6 33. Rd4
Rc2 34. Rd2 Rxd2 35. Bxd2 f5 36. b4 g5 37. Kf2 f4 38. b5 e3+ 39. Bxe3 fxe3+ 40.
Kxe3 1-0

[Event "Challenge"]
[Site "http://www.queenalice.com/game.php?id=1628021"]
[Date "2020.9.25"]
[Round "-"]
[White "teodoriconeto"]
[Black "zubarev"]
[Result "0-1"]
[WhiteElo "1559"]
[BlackElo "1784"]

1. c4 e5 2. Nc3 Nf6 3. e4 d6 4. Nf3 Nc6 5. d4 exd4 6. Nxd4 Bd7 7. Nf5 Bxf5 8.
exf5 Be7 9. Be3 O-O 10. Qf3 Ne5 11. Qxb7 Rb8 12. Qxa7 Rxb2 13. Be2 Neg4 14. Bd2
Ne5 15. Rc1 Qc8 16. Nb5 Qxf5 17. h3 Ne4 18. Be3 Bg5 19. O-O Rxe2 20. Nd4 Bxe3
21. fxe3 Qg6 22. Nxe2 Ng3 23. Rf2 Nd3 24. Nf4 Nxf4 25. exf4 Ne4 26. Rfc2 c5 27.
Qb7 Qh5 28. Qxe4 Qh4 29. a4 g6 30. a5 Qd8 31. a6 Re8 32. Qb7 Re7 33. Qb6 Qxb6
34. Ra1 Ra7 35. Rca2 Qb4 36. Ra4 Qd2 37. g3 Kg7 38. Rb1 Qe3+ 39. Kg2 Qe4+ 0-1

[Event "Challenge"]
[Site "http://www.queenalice.com/game.php?id=1628022"]
[Date "2020.9.25"]
[Round "-"]
[White "zubarev"]
[Black "teodoriconeto"]
[Result "1-0"]
[WhiteElo "1744"]
[BlackElo "1540"]

1. d4 d5 2. Nc3 Bf5 3. Bd2 e6 4. e3 c5 5. Nf3 Nf6 6. Ne5 a6 7. Be2 Nbd7 8. O-O
Bd6 9. Bg4 Nxg4 10. Nxg4 Nf6 11. Nxf6+ Qxf6 12. f4 O-O 13. Qf3 cxd4 14. exd4
Qxd4+ 15. Be3 Qb4 16. Rab1 Bxc2 17. a3 Qb6 18. Bxb6 1-0

[Event "A VOZ INTERIOR"]
[Site "http://www.queenalice.com/game.php?id=1628934"]
[Date "2020.10.4"]
[Round "-"]
[White "teodoriconeto"]
[Black "zubarev"]
[Result "1/2-1/2"]
[WhiteElo "1594"]
[BlackElo "1701"]

1. c4 e5 2. Nf3 Nc6 3. Nc3 d6 4. g3 Nf6 5. d3 Be6 6. Bg2 Be7 7. O-O O-O 8. Ng5
Qd7 9. Nxe6 fxe6 10. a3 d5 11. Qb3 Na5 12. Qa2 b6 13. b4 Nb7 14. cxd5 Kh8 15.
dxe6 Qc8 16. Bd2 Rb8 17. e3 Nd8 18. Nd5 Nxd5 19. Qxd5 Qxe6 20. Qe4 Bf6 21. f4
Nf7 22. Rac1 Rbc8 23. Qc4 Qxc4 24. dxc4 Rcd8 25. Rc2 exf4 26. exf4 Rfe8 27. Bc3
Bxc3 28. Rxc3 Rd2 29. Rf2 Ree2 30. Rxe2 Rd1+ 31. Bf1 Nd6 32. Re7 h6 33. Rxc7 Ne4
34. Rc8+ Kh7 35. Kg2 Nxc3 36. Rc7 Ne4 37. Rxa7 Nd2 38. Be2 Rc1 39. Bd3+ Kg8 40.
Rc7 Rc3 41. Bf5 Rxa3 42. c5 bxc5 43. bxc5 Ra5 44. c6 Rxf5 45. Rd7 Rc5 46. c7 Kh7
47. Rxd2 Rxc7 48. Kf3 h5 49. h4 Kh6 50. Rd6+ Kh7 51. f5 Rc3+ 52. Kg2 Rc5 53. f6
g6 54. f7 Rf5 55. Rd7 Kg7 56. Re7 Rxf7 57. Rxf7+ Kxf7 58. Kf3 Kf6 59. Kf4
1/2-1/2

[Event "4 Out 2020 05:27"]
[Site "http://www.queenalice.com/game.php?id=1628935"]
[Date "2020.10.4"]
[Round "-"]
[White "zubarev"]
[Black "teodoriconeto"]
[Result "1-0"]
[WhiteElo "1635"]
[BlackElo "1609"]

1. d4 c5 2. d5 Nf6 3. Nc3 d6 4. e3 a6 5. Nf3 b5 6. Be2 Bb7 7. O-O b4 8. Na4 Nxd5
9. Bc4 Nf6 10. b3 g6 11. Bb2 Bg7 12. Nd2 O-O 13. c3 a5 14. f4 Nbd7 15. Be2 e5
16. f5 d5 17. Rc1 Rc8 18. Nf3 c4 19. Nd2 cxb3 20. axb3 Nb6 21. Nf3 Nfd7 22. Bb5
Bc6 23. Bxc6 Rxc6 24. cxb4 axb4 25. Rxc6 e4 26. Bxg7 Kxg7 27. Nd4 Nxa4 28. Qc2
Nab6 29. Nb5 Nc8 30. Qb2+ Nf6 31. Nd4 Ne7 32. Rc5 Qd7 33. Rfc1 Rc8 34. Rxc8 Nxc8
35. Rc5 Ne7 36. Kf2 Nxf5 37. Qd2 Ne7 38. Qxb4 Ng4+ 39. Ke2 Nxh2 40. Qc3 Kf8 41.
b4 Qg4+ 42. Kf2 Qh4+ 43. g3 Ng4+ 44. Ke1 Qxg3+ 45. Kd2 Qf2+ 46. Kc1 h5 47. b5
Nf6 48. Rc7 Ne8 49. Ra7 Nd6 50. b6 h4 51. b7 Nxb7 52. Rxb7 h3 53. Rb8+ Kg7 54.
Ne6+ Kh6 55. Rh8# 1-0

[Event "Tatiane em Deyse"]
[Site "http://www.queenalice.com/game.php?id=1628992"]
[Date "2020.10.5"]
[Round "-"]
[White "zubarev"]
[Black "teodoriconeto"]
[Result "0-1"]
[WhiteElo "1719"]
[BlackElo "1588"]

1. d4 Nf6 2. Nc3 d5 3. Nf3 c5 4. e3 Bg4 5. Be2 Nc6 6. O-O e6 7. Bd2 Be7 8. Ne5
Bxe2 9. Qxe2 c4 10. f4 O-O 11. Rac1 a6 12. Qf3 Qc7 13. Nxc6 Qxc6 14. Rce1 Ne4
15. Nxe4 dxe4 16. Qg3 f5 17. c3 Rf6 18. Rd1 Rh6 19. b3 b5 20. bxc4 Qxc4 21. Be1
Qxa2 22. Qf2 Qc4 23. Qd2 Rd8 24. Bg3 Rd7 25. Ra1 Ra7 26. Rfe1 a5 27. Red1 a4 28.
d5 Bd6 29. Qd4 Qxd4 30. cxd4 exd5 31. Rac1 Kf7 32. Rc6 b4 33. Rb6 a3 34. Rc1 a2
35. Ra1 Ra3 36. Kf2 b3 37. Ke2 Be7 38. Kd2 Rxb6 0-1

[Event "Challenge"]
[Site "http://www.queenalice.com/game.php?id=1632590"]
[Date "2020.11.11"]
[Round "-"]
[White "teodoriconeto"]
[Black "zubarev"]
[Result "0-1"]
[WhiteElo "1598"]
[BlackElo "1718"]

1. c4 c5 2. Nc3 Nf6 3. g3 e6 4. Bg2 Be7 5. Nf3 O-O 6. O-O d6 7. e3 Nbd7 8. d4
cxd4 9. Nxd4 Rb8 10. Ne4 Nxe4 11. Bxe4 Nf6 12. Bg2 e5 13. Nf5 Bxf5 0-1

[Event "Challenge"]
[Site "http://www.queenalice.com/game.php?id=1632591"]
[Date "2020.11.11"]
[Round "-"]
[White "zubarev"]
[Black "teodoriconeto"]
[Result "0-1"]
[WhiteElo "1741"]
[BlackElo "1587"]

1. d4 d5 2. Nc3 c5 3. Nf3 Bg4 4. e3 e6 5. Be2 Nc6 6. O-O Nf6 7. Ne5 Bxe2 8. Qxe2
Qc7 9. f4 cxd4 10. exd4 Nxd4 11. Qd2 Nc6 12. Nb5 Qb6+ 13. Kh1 Qxb5 14. Nxc6
Qxf1# 0-1

[Event "Challenge"]
[Site "http://www.queenalice.com/game.php?id=1632592"]
[Date "2020.11.11"]
[Round "-"]
[White "teodoriconeto"]
[Black "zubarev"]
[Result "1-0"]
[WhiteElo "1622"]
[BlackElo "1714"]

1. Nf3 Nf6 2. c4 e6 3. d4 Be7 4. Nc3 O-O 5. Bg5 d6 6. g3 Nbd7 7. Bg2 Ne8 8. Bxe7
Qxe7 9. O-O f5 10. e3 Nef6 11. b4 e5 12. Re1 e4 13. Nh4 c5 14. bxc5 Ne8 15. cxd6
Qxd6 16. Qb3 Rb8 17. Bh3 g6 18. c5+ Kg7 19. cxd6 Nxd6 20. f3 Nf6 21. fxe4 Nfxe4
22. Nxe4 Nxe4 23. Bg2 Ng5 24. Nf3 Nxf3+ 25. Bxf3 b6 26. Rac1 Bb7 27. Bxb7 Rxb7
28. Qd5 Re7 29. Re2 Rfe8 30. Kf2 h6 31. Kf3 Re4 32. Rc7+ R8e7 33. Rxe7+ Rxe7 34.
Rc2 Kf6 35. Rc6+ Kg5 36. Re6 Rc7 37. Rxg6+ Kh5 38. Qxf5# 1-0

[Event "Challenge"]
[Site "http://www.queenalice.com/game.php?id=1632593"]
[Date "2020.11.11"]
[Round "-"]
[White "zubarev"]
[Black "teodoriconeto"]
[Result "1-0"]
[WhiteElo "1678"]
[BlackElo "1636"]

1. d4 Nf6 2. Nc3 d6 3. e4 g6 4. Bd3 Bg7 5. Nf3 O-O 6. O-O c5 7. dxc5 dxc5 8. Ne2
Bg4 9. Bf4 Bxf3 10. gxf3 Nc6 11. a3 Qb6 12. Nc3 Qxb2 13. Qe1 Nh5 14. Be3 Bxc3
15. Bd2 Bd4 16. Rb1 Qxa3 17. Rxb7 Nf4 18. Bxf4 c4 19. Bxc4 Na5 20. Rd7 e5 21.
Bh6 Nxc4 22. Kh1 Qxf3+ 23. Kg1 Qg4+ 24. Kh1 Qxd7 25. Qd1 Rfd8 26. Qf3 Nd2 27.
Qf6 1-0

[Event "Gene Hackman"]
[Site "http://www.queenalice.com/game.php?id=1635162"]
[Date "2020.12.3"]
[Round "-"]
[White "zubarev"]
[Black "teodoriconeto"]
[Result "1/2-1/2"]
[WhiteElo "1629"]
[BlackElo "1642"]

1. a3 e5 2. e4 Nf6 3. Nc3 d5 4. exd5 Nxd5 5. Nge2 Bc5 6. d4 exd4 7. Ne4 Bb6 8.
N2g3 O-O 9. Bd3 Qe8 10. O-O Qc6 11. Nd2 Nf4 12. Nf3 Nxd3 13. Qxd3 Qd5 14. Bd2
Bg4 15. Rae1 Nc6 16. Qe4 Bxf3 17. Qxf3 Qxf3 18. gxf3 Rfe8 19. Ne4 Re6 20. Ng3
Rg6 21. Kh1 Ne5 22. f4 Nc4 23. Bc1 c5 24. f5 Rc6 25. Re7 Rc7 26. Re4 Rd7 27. b3
Na5 28. Rfe1 Kf8 29. Bd2 Nc6 30. Ne2 Bc7 31. Bf4 g6 32. Bxc7 Rxc7 33. f6 b5 34.
Nf4 a5 35. Nd5 Rb7 36. Kg2 d3 37. cxd3 Nd4 38. Rb1 Re8 39. Rbe1 Rxe4 40. Rxe4
Nxb3 41. Ne7 Nd4 42. Nc6 b4 43. Nxa5 Rd7 44. a4 b3 45. Re1 Ra7 46. Nc4 Rxa4 47.
Nb2 Ra2 48. Re5 Rxb2 49. Rxc5 Rc2 50. Rd5 Ne6 51. Rb5 Ke8 52. Rxb3 Rc7 53. f3
Kd7 54. Kg3 h5 55. h3 g5 56. h4 Kd6 57. Rb6+ Ke5 58. hxg5 Nxg5 59. f4+ Kf5 60.
fxg5 Kxg5 61. Rb5+ Kxf6 62. Rxh5 Rd7 63. Ra5 Rxd3+ 64. Kf4 Rd6 65. Rh5 Ke7
1/2-1/2

[Event "Challenge"]
[Site "http://www.queenalice.com/game.php?id=1642967"]
[Date "2021.2.8"]
[Round "-"]
[White "dosoldini"]
[Black "teodoriconeto"]
[Result "1-0"]
[WhiteElo "1641"]
[BlackElo "1642"]

1. d4 d6 2. Nc3 Nd7 3. e4 Ngf6 4. Nf3 g6 5. Bf4 Bg7 6. Bc4 O-O 7. h3 c5 8. e5
Ne8 9. O-O a6 10. Ng5 dxe5 11. Bxf7+ Rxf7 12. Ne6 Qb6 13. Nxg7 Nxg7 14. dxe5
Rxf4 15. Nd5 1-0

[Event "MrOmegaBeams"]
[Site "http://www.queenalice.com/game.php?id=1643343"]
[Date "2021.2.12"]
[Round "-"]
[White "teodoriconeto"]
[Black "zubarev"]
[Result "0-1"]
[WhiteElo "1632"]
[BlackElo "1790"]

1. e4 e5 2. Nf3 Nc6 3. Bc4 Be7 4. O-O Nf6 5. Ng5 O-O 6. Nc3 d6 7. a3 h6 8. Nxf7
Rxf7 9. Bxf7+ Kxf7 10. d3 Be6 11. Qf3 Nd4 12. Qd1 c5 13. Ne2 Rc8 14. f4 exf4 15.
Rxf4 Kg8 16. Ng3 Nh7 17. Nf5 Bxf5 18. exf5 Bg5 19. Rf2 Bxc1 20. Rxc1 Qg5 21. g4
Nf6 22. h3 Qe3 23. Kg2 Nd5 24. Qf1 Re8 25. c3 Nb3 26. Rcc2 Qg5 27. Rce2 Ne3+ 28.
Rxe3 Rxe3 29. d4 Qh4 30. Qc4+ Kh7 31. Rf3 Rxf3 0-1

[Event "صديق مجهول 😶"]
[Site "http://www.queenalice.com/game.php?id=1643869"]
[Date "2021.2.16"]
[Round "-"]
[White "teodoriconeto"]
[Black "zubarev"]
[Result "0-1"]
[WhiteElo "1642"]
[BlackElo "1798"]

1. h4 d5 2. d4 Nf6 3. h5 e6 4. Bg5 Be7 5. h6 Nc6 6. hxg7 Rg8 7. Bxf6 Bxf6 8. e3
Qd6 9. Rxh7 Rxg7 10. Qh5 Ke7 11. Nc3 Bd7 12. Rxg7 Bxg7 13. O-O-O Bf6 14. Nf3 Rh8
15. Qg4 e5 16. Qg3 e4 17. Qxd6+ Kxd6 18. Ne2 exf3 19. gxf3 Rh2 20. Ng3 Rxf2 21.
c4 Rxf3 22. Nh5 Bg5 23. c5+ Ke7 24. Nf4 Bxf4 25. exf4 Rxf4 0-1

[Event "😍 اطاس اطاس"]
[Site "http://www.queenalice.com/game.php?id=1644049"]
[Date "2021.2.18"]
[Round "-"]
[White "teodoriconeto"]
[Black "zubarev"]
[Result "1-0"]
[WhiteElo "1622"]
[BlackElo "1722"]

1. Nf3 Nf6 2. g3 g6 3. h4 d5 4. d3 e6 5. Bg5 Nc6 6. Nbd2 Be7 7. e4 dxe4 8. Nxe4
O-O 9. Bxf6 Bxf6 10. Nxf6+ Qxf6 11. c3 Bd7 12. h5 Ne5 13. Bg2 Nxf3+ 14. Bxf3 Bc6
15. Bxc6 bxc6 16. d4 e5 17. hxg6 fxg6 18. Qd2 exd4 19. cxd4 Rae8+ 20. Kf1 Qf3
21. Rh4 Re6 22. Re1 Rxe1+ 23. Qxe1 Qxg3 24. Qe6+ Rf7 25. Qxf7+ Kxf7 26. fxg3 h5
27. g4 1-0

[Event "Challenge"]
[Site "http://www.queenalice.com/game.php?id=1645388"]
[Date "2021.3.2"]
[Round "-"]
[White "teodoriconeto"]
[Black "Vin100"]
[Result "0-1"]
[WhiteElo "1641"]
[BlackElo "1523"]

1. e4 e5 2. Nf3 d6 3. d4 exd4 4. Nxd4 c5 5. Nf5 Bxf5 6. exf5 Be7 7. Nc3 a6 8.
Nd5 Nd7 9. c4 Ngf6 10. Nxe7 Qxe7+ 11. Be2 O-O 12. O-O Rab8 13. Bf3 Ne5 14. Bf4
Nxc4 15. Qb3 b5 16. Rfe1 Qd7 17. Qc2 Rfe8 18. Bg5 Rxe1+ 19. Rxe1 Re8 20. Rxe8+
Nxe8 21. Bd5 Nb6 22. Bf3 c4 23. Qe4 d5 24. Qe7 h6 25. Qxd7 Nxd7 26. Bxd5 hxg5
27. Bc6 Nef6 28. Kf1 Ne5 29. Bb7 a5 30. h3 Nd3 31. Ba6 b4 32. Bxc4 Nxb2 33. Bb5
Nd1 34. Bc4 g4 35. hxg4 Nc3 36. g5 Nfe4 37. Ke1 Nxg5 38. Kd2 Nge4+ 39. Ke1 Nd6
40. Bd3 Nxa2 41. Kd2 Nc3 42. Kc2 Nce4 43. Bxe4 Nxe4 44. f3 Ng3 45. Kb3 Nxf5 0-1

[Event "Challenge"]
[Site "http://www.queenalice.com/game.php?id=1645389"]
[Date "2021.3.2"]
[Round "-"]
[White "Vin100"]
[Black "teodoriconeto"]
[Result "0-1"]
[WhiteElo "1561"]
[BlackElo "1622"]

1. e4 d6 2. Bc4 Nf6 3. d3 g6 4. Nf3 Bg7 5. O-O O-O 6. Nc3 c6 7. b4 d5 8. Bb3
Nxe4 9. dxe4 Bxc3 10. Rb1 dxe4 11. Bd2 Bxd2 12. Nxd2 Qd4 13. c3 Qxc3 14. Bc2 f5
15. Bb3+ e6 16. a3 Nd7 17. Bxe6+ Kh8 18. Nb3 Nb6 19. Bxc8 Raxc8 20. Qe2 Nd5 21.
Rfc1 Nf4 22. Qf1 Qf6 23. Nc5 b6 24. Nd7 Qd6 25. Nxf8 Qxf8 26. g3 Nd3 27. Rd1 c5
28. f3 c4 29. Rd2 exf3 30. Qxf3 b5 31. Qb7 a5 32. Qxb5 axb4 33. axb4 f4 34. Rc2
fxg3 35. hxg3 Qf7 36. Qa6 Qc7 37. Kh2 Kg7 38. b5 Nc5 39. Qa1+ Kg8 40. Rxc4 Qe7
41. b6 Qe2+ 42. Kh3 Qxc4 43. b7 Qe6+ 44. Kh2 Rb8 45. Re1 Qf7 46. Qa7 Qc7 47. Rc1
Rxb7 48. Qa8+ Kg7 49. Rxc5 Qxc5 50. Qxb7+ Kg8 51. Qb3+ Kg7 52. Qb2+ Kh6 53. Qd2+
Qg5 54. Qxg5+ Kxg5 55. Kh3 h5 56. Kg2 Kg4 0-1

[Event "Plaisir de jouer"]
[Site "http://www.queenalice.com/game.php?id=1760832"]
[Date "2021.5.29"]
[Round "2"]
[White "Equiferus"]
[Black "teodoriconeto"]
[Result "0-1"]
[WhiteElo "1914"]
[BlackElo "1636"]

1. d4 Nf6 2. Nf3 g6 3. e3 Bg7 4. Be2 O-O 5. O-O d5 6. Nbd2 Nbd7 7. c4 c5 8. Ne5
cxd4 9. exd4 Nxe5 10. dxe5 Ne8 11. Nf3 Nc7 12. Bf4 Be6 13. Qb3 b6 14. Rad1 dxc4
15. Bxc4 Bxc4 16. Qxc4 Qc8 17. Qb3 Ne6 18. Be3 Qb7 19. a4 Rfd8 20. h3 Rab8 21.
Rd3 Rxd3 22. Qb5 Rd5 23. Qc4 Rc8 24. Qe4 Qd7 25. h4 Rd1 26. Nh2 Rxf1+ 27. Nxf1
Nc5 28. Qf4 Nxa4 29. b3 Nc5 30. b4 Nd3 31. Qg3 Bxe5 32. Qf3 Nxb4 33. g4 Nd5 34.
Bh6 Bg7 35. Bxg7 Kxg7 36. Qd3 Qxg4+ 0-1

[Event "Challenge"]
[Site "http://www.queenalice.com/game.php?id=1765467"]
[Date "2021.7.27"]
[Round "-"]
[White "teodoriconeto"]
[Black "george941"]
[Result "0-1"]
[WhiteElo "1663"]
[BlackElo "1838"]

1. d4 e6 2. c4 d6 3. Nc3 Ne7 4. g3 Nd7 5. Bg2 Ng6 6. Nf3 Nb6 7. b3 Be7 8. O-O
Bd7 9. d5 O-O 10. dxe6 Bxe6 11. Ng5 Bxg5 12. Bxg5 Qxg5 13. Bxb7 Rae8 14. f4 Qc5+
15. Kh1 Bh3 16. Rg1 c6 17. Ne4 Rxe4 0-1

[Event "Plaisir de jouer"]
[Site "http://www.queenalice.com/game.php?id=1767785"]
[Date "2021.8.23"]
[Round "3"]
[White "teodoriconeto"]
[Black "mvson33"]
[Result "0-1"]
[WhiteElo "1654"]
[BlackElo "1825"]

1. e4 e5 2. f4 exf4 3. Nf3 d6 4. Bc4 Nf6 5. d4 Bg4 6. O-O Be7 7. Bxf4 O-O 8. h3
Bh5 9. Qd3 Nbd7 10. e5 dxe5 11. Nxe5 Nxe5 12. Bxe5 Re8 13. Qb3 Rb8 14. Nd2 Bg6
15. Nf3 Ne4 16. Bf4 Bd6 17. Bxd6 Nxd6 0-1